000 00603nam a22001577a 4500
005 20120427130435.0
020 _a0195653238
_c195.00
035 _aB-11527
037 _aDPL
_bENG
100 _aHasan, Zoya
_945932
245 _aQuest for power :
_bOppositional movements and post-congress politics in Uttar Pradesh /
_cby Zoya Hasan
260 _aNew Delhi
_bOxford University Press
_c1998
300 _a280p.
_c20 cms.
942 _2ddc
_cEN
_h320.95413
_mHAS
999 _c65738
_d65738